000 03128njm a2200589 i 4500
001 195985
003 ES-MaACL
005 20250904042250.0
007 sd*fsngnnmmned
008 240209s2006 sp opn d / ger
015 _aSON06
017 _aM 48038-2006
_bOficina Depósito Legal Madrid
020 _a9788493552343
035 _a(OCoLC)1004300518
035 _a(SpMaBN)a4555114
040 _aSpMaBN
_bspa
_cSpMaBN
_erdc
100 1 _aWagner, Richard,
_d1813-1883
_9240522
_ecmp
240 1 0 _aTristan und Isolde
245 1 0 _aTristan und Isolde /
_cWagner ; libreto de Richard Wagner
_h[Grabación sonora]
260 _aMadrid :
_bPrisa Innova,
_cD.L. 2007
264 _a©2007
300 _a4 discos (CD Audio) +
_e1 libro (108 páginas)
336 _2rdacontent
_amúsica (interpretada)
337 _2rdamedia
_aaudio
338 _2rdacarrier
_avolumen
490 1 _aLos clásicos de la ópera, 400 años ;
_v7
500 _aRemasterizado
511 1 _aLudwig Suthaus, Kirsten Flagstad, Blanche Thebom, Josef Greindl, Dietrich Fischer-Dieskau, Rudolf Schock, Edgar Evans, Rhoderick Davies ; Coro de la Royal Opera House, Covent Garden ; Orquesta Philharmonia ; Wilhelm Furtwängler, director musical.
518 _aGrabado en estudio en 1952
520 _aEl lenguaje musical de Tristán se caracteriza por la inestabilidad y ambigüedad tonal, el extremo cromatismo tanto en la línea melódica como en la armonía. (...) Todo al servicio del drama, de la intensificación de la expresión, de la tensión emocional. El resultado es una obra con un extraño poder de fascinación, que afectó profunda e irreversiblemente a la evolución de la música occidental, la muerte anunciada de una era. (...) El terreno estaba abonado para que las siguientes generaciones certificaran la independencia de la armonía del sistema tonal clásico.
650 7 _aÓperas-
_9137584
_vLibretos
655 7 _aLibretos
_2
_9242219
700 1 _aWagner, Richard,
_d1813-1883-
_tTristan und Isolde-
_lEspañol-Alemán
_9237904
_elbt
700 1 _aSuthaus, Ludwig
_9237905
_eprf
700 1 _aFlagstad, Kirsten,
_d1895-1962
_9237906
_eprf
700 1 _aThebom, Blanche,
_d1918-2010
_9237907
_eprf
700 1 _aGreindl, Josef,
_d1912-1993
_9237908
_eprf
700 1 _aFischer-Dieskau, Dietrich,
_d1925-2012
_9237909
_eprf
700 1 _aSchock, Rudolf,
_d1915-1986
_9237910
_eprf
700 1 _aEvans, Edgar
_eprf
_9240524
700 1 _aDavies, Rhoderick
_eprf
_9240525
700 1 _aFurtwängler, Wilhelm,
_d1886-1954
_9237911
_emsd
710 2 _aRoyal Opera House (Londres)-
_bChorus
_9237864
710 2 _aPhilharmonia Orchestra (Londres)
_9237912
852 _aES-MaACL
_b155018
_cDEPOJ
_jN-9802
_hDonación: Miren Fernández
_xEncuadernación cartoné
_pVolumen 7
_9205584
903 _aFernández, Miren
_ednr
942 _cMONOGRAFIA
_n0
999 _c195985
_d195985